Charade smm (difficile) - Statistiques

Statistiques générales
  • Ce quiz a été pris 11 fois
  • Le résultat moyen est 5 sur 15
Statistiques - réponses
Hint Réponse % Correct
Mon premier, c'est ça.Mon second est dit. Mon tout crée. Sady | ça dit
80%
Mon premier est le père sous Sète.Mon second est la moitié d'un Boom Boom. Mon tout a la frite. Cyboom | 6 Boom | Le premier marche mieux à l'oral car on comprend mieux que ça peut aussi être le pair sous 7
60%
Mon premier est do à do. Mon second a une peau qu'il ne faut pas vendre trop tôt.Mon tout stream. Gamours | Gamme Ours
60%
Mon premier est le bruit que quelqu'un fait quand il boit un café.Mon second est le bruit que quelqu'un fait quand il boit un jus de fruit. Mon tout est le bruit que quelqu'un fait quand il boit beaucoup d'eau. Glouglouw | Glou Glou
60%
Mon premier vit en meute. Mon second n'est pas un Beta. Mon troisième est un peu fou. Mon tout a été utilisé comme indice dans une autre de ces charades. LoupAlphaGivré | Loup Alpha Givré
60%
Mon premier est une radio.Mon second aime Barbie. Mon troisième est un solution de facilité pour les créateurs. Mon quatrième augmente toutes les 60 minutes. Mon tout est un niveau. Nostalgic Endeavours | Nostalgie Ken Dev Heure
60%
Mon premier est une petite créature. Mon deuxième est le 2. Mon troisième est le 1.Mon tout stream. Gnomainain | Gnome Aisne Ain
40%
Mon premier, c'est elle.Mon deuxième est vieux. Mon troisième sent parfois le citron. Mon tout stream. Elvieuxpec | Elle Vieux Pec
20%
Mon premier est ambitieux. Mon second me désigne.Mon tout n'est pas apprécié par tous. OSEJ | Osé Je
20%
Mon premier est parfois copié.Mes seconds ont de la valeur. Mon tout a pleins de compétences. Poly_valent | Poly Valent
20%
Mon premier est connu.Mon deuxième est le début de permanent. Mon troisième est brésilien. Mon quatrième est fait en anglais. Mon cinquième est mon premier quatrième. Tout le monde qui joue à ce quiz connait mon tout. Super Mario Maker | Su Perma Rio Make Heure
20%
Mon premier peut être de hocher. Mon second a peut-être un tic.Mon tout créé. Ticoche | Tic Hoche
20%
Mon premier z'est dézhydraté.Mon second peut être secondaire. Mon tout stream. Zeketh | Zec Quête
20%
Mon premier fond, mais à l'envers.Mon second est plus que doré. Mon tout stream. DonF_me | Donf Mi
0%
Mon premier est parfois givré Mon second s'accroche pendant les fêtes. Mon tout est, selon certains, mal écrit. LOOGUY | Loup Gui
0%
Aucun quiz correspondant
Distribution des résultats
% des personnes avec chaque résultat
Percentile par nombre de réponses
Votre historique - résultats
Vous n’avez pas pris ce quiz